000 00424 a2200169 4500
001 183106
020 _a85-00-00331-6
040 _cMagnum
100 _aSant´anna, A. Romano de
240 1 0 _aEpitáfio para o século xx e outros poemas
_lpor
245 1 0 _aEpitáfio para o século xx e outros poemas
300 _a108
362 0 _a1996
440 1 _aEdiouro
697 _aLITERATURA GERAL ESTRANGEIRA
942 _cBK
999 _c183106
_d183106